[Event "NAYCC U12"]
[Site "Toronto CAN"]
[Date "2013.08.15"]
[Round "3"]
[White "Minzak, Michael"]
[Black "Kishkimbayev, Alisher"]
[Result "0-1"]
[WhiteElo "1051"]
[BlackElo "1201"]
[PlyCount "120"]
[GameId "2160767909267302"]
[EventDate "2013.08.14"]
[EventType "swiss"]
[EventRounds "9"]
[EventCountry "CAN"]
[SourceTitle "EXT 2022"]
[Source "ChessBase"]
[SourceDate "2021.10.06"]
[SourceVersion "1"]
[SourceVersionDate "2021.10.06"]
[SourceQuality "1"]

1. e4 c6 2. d4 d5 3. exd5 cxd5 4. Nc3 Nc6 5. Nf3 Nf6 6. Bf4 Bf5 7. Bb5 e6 8. Ne5 Rc8 9. Nxc6 bxc6 10. Ba6 Rb8 11. Bxb8 Qxb8 12. Qc1 c5 13. dxc5 Bxc5 14. a3 O-O 15. b4 Bxf2+ 16. Kxf2 Qb6+ 17. Ke1 Qxa6 18. a4 Qc4 19. Qb2 Rc8 20. Ne2 Qe4 21. Rc1 Rc4 22. c3 h6 23. Rg1 Qe3 24. a5 Re4 25. Rf1 Nd7 26. b5 Ne5 27. Qd2 Nd3+ 28. Kd1 Nxc1 29. Kxc1 Qxe2 30. Qxe2 Rxe2 31. b6 Rc2+ 32. Kd1 axb6 33. Rxf5 Rxc3 34. Rf2 bxa5 35. Ra2 Rc5 36. Kd2 f5 37. Kd3 e5 38. Ke3 Kf7 39. Kd3 Ke6 40. Ke3 d4+ 41. Kd3 Kd5 42. h3 e4+ 43. Kd2 f4 44. Ke2 d3+ 45. Kd2 Rc2+ 46. Rxc2 dxc2 47. Kxc2 a4 48. Kb2 e3 49. Kc2 a3 50. Kc1 a2 51. Kb2 e2 52. Kxa2 e1=Q 53. Kb2 Qe4 54. Kc3 Qa4 55. Kb2 Qc6 56. Ka2 Qb7 57. Ka3 Kc4 58. Ka2 Qb3+ 59. Ka1 Kc3 60. g4 Qb2# 0-1

[Event "NAYCC U12"]
[Site "Toronto CAN"]
[Date "2013.08.15"]
[Round "3"]
[White "Pierre, Dashwood"]
[Black "Hou, Frank Gui"]
[Result "0-1"]
[WhiteElo "886"]
[BlackElo "987"]
[PlyCount "78"]
[GameId "2160767909267303"]
[EventDate "2013.08.14"]
[EventType "swiss"]
[EventRounds "9"]
[EventCountry "CAN"]
[SourceTitle "EXT 2022"]
[Source "ChessBase"]
[SourceDate "2021.10.06"]
[SourceVersion "1"]
[SourceVersionDate "2021.10.06"]
[SourceQuality "1"]

1. e4 e5 2. Nf3 Nc6 3. Bc4 Bc5 4. Nc3 Nf6 5. d3 h6 6. Na4 Be7 7. Be3 a6 8. O-O b5 9. Nc3 bxc4 10. dxc4 d6 11. h3 Be6 12. b3 Qb8 13. Rb1 O-O 14. Na4 Nxe4 15. Qe1 Nb4 16. Bd2 Nxd2 17. Nxd2 Nxc2 18. Qc1 Nd4 19. Re1 Bg5 20. Qb2 Qb4 21. Ne4 Bf5 22. f3 c6 23. a3 Qa5 24. Nac3 d5 25. b4 Qd8 26. cxd5 cxd5 27. Rbd1 dxe4 28. fxe4 Bg6 29. g4 Qb6 30. Nd5 Qa7 31. a4 Nf3+ 32. Kf1 Nxe1 33. Rxe1 Bh4 34. Re3 Rad8 35. b5 Rxd5 36. exd5 Qxe3 37. bxa6 Qe1+ 38. Kg2 Be4+ 39. Kh2 Qg3# 0-1

[Event "NAYCC U12"]
[Site "Toronto CAN"]
[Date "2013.08.15"]
[Round "3"]
[White "Solano, Carlos"]
[Black "Balendra, Harigaran"]
[Result "1/2-1/2"]
[WhiteElo "1771"]
[BlackElo "1317"]
[PlyCount "61"]
[GameId "2160767909267304"]
[EventDate "2013.08.14"]
[EventType "swiss"]
[EventRounds "9"]
[EventCountry "CAN"]
[SourceTitle "EXT 2022"]
[Source "ChessBase"]
[SourceDate "2021.10.06"]
[SourceVersion "1"]
[SourceVersionDate "2021.10.06"]
[SourceQuality "1"]

1. e4 c5 2. Nc3 e6 3. g3 Nc6 4. Bg2 Nf6 5. f4 d5 6. d3 Be7 7. Nf3 d4 8. Ne2 h6 9. O-O O-O 10. Re1 Qc7 11. Bd2 e5 12. f5 Kh7 13. c3 g6 14. fxg6+ fxg6 15. h3 Be6 16. Qc1 Rh8 17. Bxh6 Kg8 18. Ng5 Qd7 19. Nxe6 Qxe6 20. g4 Bf8 21. Bxf8 Rxf8 22. Qd2 Rd8 23. c4 Kg7 24. a3 b6 25. b4 Qd6 26. Reb1 Rhe8 27. Ra2 Rf8 28. Rab2 Nh7 29. g5 Qe7 30. h4 Qd6 31. Qe1 1/2-1/2

[Event "NAYCC U12"]
[Site "Toronto CAN"]
[Date "2013.08.15"]
[Round "3"]
[White "Sun, Benjamin"]
[Black "Sun, Andy"]
[Result "1-0"]
[WhiteElo "1414"]
[BlackElo "1082"]
[PlyCount "68"]
[GameId "2160767909267305"]
[EventDate "2013.08.14"]
[EventType "swiss"]
[EventRounds "9"]
[EventCountry "CAN"]
[SourceTitle "EXT 2022"]
[Source "ChessBase"]
[SourceDate "2021.10.06"]
[SourceVersion "1"]
[SourceVersionDate "2021.10.06"]
[SourceQuality "1"]

1. e4 e5 2. Nf3 Nc6 3. Nc3 Nf6 4. d4 exd4 5. Nxd4 Bc5 6. Be3 d5 7. Nxc6 bxc6 8. Bxc5 Nd7 9. Ba3 dxe4 10. Nxe4 f5 11. Ng3 c5 12. Qe2+ Kf7 13. Qc4+ Kg6 14. O-O-O Re8 15. Qd5 Qg5+ 16. Kb1 Nb6 17. Qf3 f4 18. Bd3+ Kf7 19. h4 Qe5 20. Qh5+ Qxh5 21. Nxh5 Bg4 22. Bb5 Rh8 23. Bc6 Rab8 24. Bf3 Bxf3 25. gxf3 h6 26. Nxf4 c4 27. Ka1 Rbd8 28. Bb4 Rhe8 29. Bc3 Na4 30. Rxd8 Rxd8 31. Bxg7 Rd2 32. Bxh6 Rxc2 33. Bg5 Rxf2 34. h5 Kg7 1-0

[Event "NAYCC U12"]
[Site "Toronto CAN"]
[Date "2013.08.15"]
[Round "3"]
[White "Valkov, Andrey"]
[Black "Yong, Hoyin"]
[Result "0-1"]
[WhiteElo "511"]
[BlackElo "1123"]
[PlyCount "146"]
[GameId "2160767909267306"]
[EventDate "2013.08.14"]
[EventType "swiss"]
[EventRounds "9"]
[EventCountry "CAN"]
[SourceTitle "EXT 2022"]
[Source "ChessBase"]
[SourceDate "2021.10.06"]
[SourceVersion "1"]
[SourceVersionDate "2021.10.06"]
[SourceQuality "1"]

1. e4 e5 2. Nc3 Nf6 3. Bc4 Be7 4. Nf3 Nc6 5. Nd5 O-O 6. Nxe7+ Qxe7 7. d3 d6 8. Bg5 Be6 9. Bxe6 fxe6 10. O-O h6 11. Bxf6 Rxf6 12. Nd2 Raf8 13. f3 d5 14. b3 Qc5+ 15. Kh1 g5 16. a3 g4 17. b4 Qd6 18. c3 Kh7 19. Rb1 gxf3 20. Nxf3 dxe4 21. dxe4 Rf4 22. b5 Na5 23. Qxd6 cxd6 24. Nd2 Rxf1+ 25. Nxf1 Nc4 26. a4 Na3 27. Rc1 Nc4 28. Ng3 Kg6 29. Rf1 Rxf1+ 30. Nxf1 Nb2 31. a5 Na4 32. c4 Nc3 33. Ng3 d5 34. exd5 exd5 35. cxd5 Nxd5 36. h4 Nc3 37. h5+ Kg5 38. a6 bxa6 39. bxa6 Nd5 40. Ne4+ Kxh5 41. Nc5 Kg4 42. Kh2 Kf4 43. Ne6+ Ke4 44. Nc5+ Kd4 45. Nb3+ Kc4 46. Nd2+ Kd3 47. Nf3 e4 48. Ne5+ Kd2 49. Kg3 e3 50. Nf3+ Kd1 51. Kh4 e2 52. g4 e1=Q+ 53. Nxe1 Kxe1 54. Kh5 Nf6+ 55. Kh4 Kd2 56. Kg3 Ke3 57. Kh4 Kf4 58. g5 hxg5+ 59. Kh3 Kf3 60. Kh2 Kf2 61. Kh3 g4+ 62. Kh4 g3 63. Kg5 g2 64. Kxf6 g1=Q 65. Ke6 Qg5 66. Kd6 Qb5 67. Kc7 Qb6+ 68. Kc8 Ke3 69. Kd7 Ke4 70. Kc8 Kd5 71. Kd7 Qd6+ 72. Kc8 Qe7 73. Kb8 Kc6 0-1

[Event "NAYCC U12"]
[Site "Toronto CAN"]
[Date "2013.08.15"]
[Round "3"]
[White "Wan, Kevin"]
[Black "Liang, Hairan"]
[Result "1-0"]
[WhiteElo "2133"]
[BlackElo "1073"]
[PlyCount "121"]
[GameId "2160767909267307"]
[EventDate "2013.08.14"]
[EventType "swiss"]
[EventRounds "9"]
[EventCountry "CAN"]
[SourceTitle "EXT 2022"]
[Source "ChessBase"]
[SourceDate "2021.10.06"]
[SourceVersion "1"]
[SourceVersionDate "2021.10.06"]
[SourceQuality "1"]

1. e4 e5 2. Nf3 Nc6 3. Bb5 a6 4. Bxc6 dxc6 5. O-O Bd6 6. d4 Bg4 7. dxe5 Bxf3 8. Qxf3 Bxe5 9. c3 Qf6 10. Qxf6 Bxf6 11. Bf4 O-O-O 12. Na3 Ne7 13. Rfd1 Ng6 14. Be3 Ne5 15. Bd4 c5 16. Bxe5 Bxe5 17. Nc4 Bf6 18. f3 Rhe8 19. Kf2 Rxd1 20. Rxd1 Rd8 21. Rxd8+ Kxd8 22. f4 Kd7 23. e5 Be7 24. Kf3 g6 25. g4 Ke6 26. Ke4 f5+ 27. exf6 Bxf6 28. f5+ gxf5+ 29. gxf5+ Kd7 30. Ne3 c6 31. Ng4 Ke7 32. Nxf6 Kxf6 33. c4 h5 34. b3 h4 35. Kf4 b5 36. Kg4 a5 37. a4 h3 38. Kf4 b4 39. Kg4 Ke5 40. Kg5 Kd4 41. f6 Kc3 42. f7 Kxb3 43. f8=Q Ka2 44. Qxc5 b3 45. Qxc6 b2 46. Qb5 b1=Q 47. Qxb1+ Kxb1 48. c5 Kb2 49. c6 Kb3 50. c7 Kxa4 51. c8=Q Kb3 52. Qxh3+ Kb2 53. Qg4 Kb3 54. h4 a4 55. h5 a3 56. Qd1+ Kb2 57. h6 a2 58. h7 a1=Q 59. h8=Q+ Ka3 60. Qdxa1+ Kb3 61. Qhc3# 1-0

[Event "NAYCC U12"]
[Site "Toronto CAN"]
[Date "2013.08.15"]
[Round "3"]
[White "Wang, Dinny"]
[Black "Xiao, Kevin"]
[Result "1-0"]
[WhiteElo "1670"]
[BlackElo "1247"]
[PlyCount "57"]
[GameId "2160767909267308"]
[EventDate "2013.08.14"]
[EventType "swiss"]
[EventRounds "9"]
[EventCountry "CAN"]
[SourceTitle "EXT 2022"]
[Source "ChessBase"]
[SourceDate "2021.10.06"]
[SourceVersion "1"]
[SourceVersionDate "2021.10.06"]
[SourceQuality "1"]

1. e4 c5 2. Nf3 d6 3. Nc3 Nf6 4. d4 cxd4 5. Nxd4 g6 6. Bc4 Bg7 7. Be3 Ng4 8. O-O Nxe3 9. fxe3 O-O 10. Qf3 e6 11. Rad1 Nc6 12. Ndb5 Ne5 13. Qe2 Nxc4 14. Qxc4 Qb6 15. Rf3 Bxc3 16. bxc3 d5 17. exd5 exd5 18. Qb4 Bg4 19. Qxg4 Qxb5 20. Rh3 Rac8 21. Qh4 h5 22. Qg5 Kh7 23. Rd4 Qb1+ 24. Kf2 Qxc2+ 25. Kg3 Qf5 26. Rxh5+ Kg8 27. Qxf5 gxf5 28. Rg5+ Kh7 29. Rh4# 1-0

[Event "NAYCC U12"]
[Site "Toronto CAN"]
[Date "2013.08.15"]
[Round "3"]
[White "Yang, Michael"]
[Black "Hemmat, Alexander"]
[Result "0-1"]
[WhiteElo "387"]
[BlackElo "1688"]
[PlyCount "64"]
[GameId "2160767909267309"]
[EventDate "2013.08.14"]
[EventType "swiss"]
[EventRounds "9"]
[EventCountry "CAN"]
[SourceTitle "EXT 2022"]
[Source "ChessBase"]
[SourceDate "2021.10.06"]
[SourceVersion "1"]
[SourceVersionDate "2021.10.06"]
[SourceQuality "1"]

1. e4 c5 2. d4 cxd4 3. Qxd4 Nc6 4. Qc3 d6 5. Qf3 Nf6 6. Nc3 g6 7. Bb5 Bd7 8. b3 Bg7 9. Ba3 Qa5 10. O-O-O Qxa3+ 11. Kd2 Bh6+ 12. Ke1 Bg4 13. Nb1 Qa5+ 14. Qc3 Qxb5 15. f3 Be6 16. Na3 Qa6 17. Rxd6 exd6 18. Qxf6 Kd7 19. f4 Qxa3 20. f5 Qc1+ 21. Kf2 Be3+ 22. Kf3 Ne5+ 23. Kg3 Bf4+ 24. Kh4 g5+ 25. Kh5 Qd1+ 26. Nf3 Qxh1 27. fxe6+ fxe6 28. Nxg5 Bxg5 29. Kxg5 Qxg2+ 30. Kh6 Ng4+ 31. Kg5 Nxf6+ 32. Kxf6 Raf8# 0-1

[Event "NAYCC U12"]
[Site "Toronto CAN"]
[Date "2013.08.15"]
[Round "3"]
[White "Yie, Kevin Yi Xiao"]
[Black "Balachandran, Henushan"]
[Result "1-0"]
[WhiteElo "1578"]
[BlackElo "958"]
[PlyCount "143"]
[GameId "2160767909267310"]
[EventDate "2013.08.14"]
[EventType "swiss"]
[EventRounds "9"]
[EventCountry "CAN"]
[SourceTitle "EXT 2022"]
[Source "ChessBase"]
[SourceDate "2021.10.06"]
[SourceVersion "1"]
[SourceVersionDate "2021.10.06"]
[SourceQuality "1"]

1. d4 d5 2. Bf4 Nf6 3. e3 g6 4. Be2 Bg7 5. Nf3 Nc6 6. c3 O-O 7. h3 Re8 8. O-O Nh5 9. Bh2 e6 10. Nbd2 Ne7 11. Ne5 Nf6 12. Ndf3 b6 13. Ng5 Rf8 14. Ngf3 Nd7 15. Bb5 a6 16. Bd3 c5 17. a4 Rb8 18. Nxd7 Qxd7 19. Bxb8 Bb7 20. Bh2 c4 21. Bc2 Nc6 22. Ng5 h6 23. Nf3 b5 24. axb5 axb5 25. Nh4 g5 26. Nf3 b4 27. Nd2 b3 28. Bb1 Re8 29. e4 Kf8 30. e5 f6 31. Qf3 Qe7 32. Bg6 Rd8 33. exf6 Qxf6 34. Qxf6+ Bxf6 35. Rae1 Kg7 36. Bb1 Re8 37. f4 Bd8 38. f5 Bc8 39. fxe6 Rxe6 40. Rxe6 Bxe6 41. Bf5 Bxf5 42. Rxf5 Kg6 43. Rxd5 Kf7 44. Rd6 Bf6 45. Rxc6 Ke7 46. Nxc4 h5 47. Rxf6 Kxf6 48. Ne5 Kf5 49. g4+ hxg4 50. hxg4+ Ke4 51. Kf2 Kd5 52. Ke3 Kd6 53. Nf7+ Kc6 54. Nxg5 Kb5 55. Ne4 Kc4 56. g5 Kd5 57. g6 Ke6 58. g7 Kf7 59. Be5 Kg8 60. d5 Kf7 61. d6 Kg8 62. d7 Kf7 63. d8=N+ Kg8 64. Ne6 Kf7 65. N4g5+ Kg8 66. Ne4 Kf7 67. N6g5+ Kg8 68. Nf3 Kf7 69. Nd6+ Kg8 70. c4 Kh7 71. c5 Kg8 72. c6 1-0

[Event "NAYCC U12"]
[Site "Toronto CAN"]
[Date "2013.08.15"]
[Round "3"]
[White "Zhang, Zhehai"]
[Black "Zhao, Harry"]
[Result "1/2-1/2"]
[WhiteElo "1526"]
[BlackElo "1767"]
[PlyCount "54"]
[GameId "2160767909267311"]
[EventDate "2013.08.14"]
[EventType "swiss"]
[EventRounds "9"]
[EventCountry "CAN"]
[SourceTitle "EXT 2022"]
[Source "ChessBase"]
[SourceDate "2021.10.06"]
[SourceVersion "1"]
[SourceVersionDate "2021.10.06"]
[SourceQuality "1"]

1. e4 d5 2. exd5 Qxd5 3. Nc3 Qa5 4. Nf3 Nf6 5. h3 Bf5 6. Bc4 c6 7. O-O e6 8. d3 Bd6 9. Bg5 Nbd7 10. a3 Qc7 11. b4 h6 12. Bd2 b5 13. Bb3 O-O 14. Nd4 Bg6 15. Re1 Rfe8 16. Na2 e5 17. Nf3 c5 18. Nc3 a6 19. Nd5 Qc6 20. Nxf6+ Nxf6 21. bxc5 Qxc5 22. Bb4 Qc7 23. c4 Rac8 24. Rc1 Qb6 25. Qd2 Nd7 26. cxb5 axb5 27. d4 exd4 1/2-1/2

[Event "NAYCC U12"]
[Site "Toronto CAN"]
[Date "2013.08.15"]
[Round "3"]
[White "Zhou, Yuetong (Davy)"]
[Black "Seela, Anirudh"]
[Result "1/2-1/2"]
[WhiteElo "2008"]
[BlackElo "1812"]
[PlyCount "70"]
[GameId "2160767909267312"]
[EventDate "2013.08.14"]
[EventType "swiss"]
[EventRounds "9"]
[EventCountry "CAN"]

1. e4 d5 2. exd5 Qxd5 3. Nc3 Qa5 4. d4 c6 5. Nf3 Nf6 6. Bd2 Qc7 7. Bd3 Bg4 8. O-O e6 9. h3 Bh5 10. Re1 Bd6 11. a4 O-O 12. Ne4 Nxe4 13. Bxe4 Bg6 14. Ng5 Nd7 15. Bxg6 hxg6 16. Qg4 Nf6 17. Qh4 Rfe8 18. c4 c5 19. dxc5 Bxc5 20. Bc3 Be7 21. Re3 Rac8 22. b3 Nh5 23. g4 Qf4 24. Rf3 Qxg5 25. Qxg5 Bxg5 26. gxh5 gxh5 27. Rg3 f6 28. Bd4 a6 29. Bb6 Rc6 30. c5 Bd2 31. Rd1 Bb4 32. Rd7 g5 33. Rxb7 Bxc5 34. Bxc5 Rxc5 35. Rd3 Rd5 1/2-1/2

[Event "NAYCC U12"]
[Site "Toronto CAN"]
[Date "2013.08.15"]
[Round "3"]
[White "Zhu, Jeffrey Xin Yu"]
[Black "Deng, Yi"]
[Result "1-0"]
[WhiteElo "1574"]
[BlackElo "1244"]
[PlyCount "91"]
[GameId "2160767909267313"]
[EventDate "2013.08.14"]
[EventType "swiss"]
[EventRounds "9"]
[EventCountry "CAN"]
[SourceTitle "EXT 2022"]
[Source "ChessBase"]
[SourceDate "2021.10.06"]
[SourceVersion "1"]
[SourceVersionDate "2021.10.06"]
[SourceQuality "1"]

1. d4 c5 2. d5 e6 3. c4 d6 4. Nc3 e5 5. e4 Nf6 6. Nf3 Bg4 7. h3 Bh5 8. Be2 Bg6 9. Bg5 h6 10. Bxf6 Qxf6 11. O-O Qd8 12. Nd2 Be7 13. Bh5 Bh7 14. Nb3 Nd7 15. Be2 Nf6 16. Bd3 Qd7 17. f4 exf4 18. Rxf4 b6 19. Rf2 O-O-O 20. a3 Bg6 21. Nd2 h5 22. b4 Nh7 23. Ne2 Bf6 24. Ra2 h4 25. b5 Ng5 26. a4 Kb7 27. a5 Ra8 28. Qa4 Nxh3+ 29. gxh3 Qxh3 30. Ra3 Qd7 31. Bc2 h3 32. Kh1 Bh5 33. Ng3 Bh4 34. Rh2 Bg4 35. Nf5 Bf6 36. Nf3 g6 37. Ng3 Bb2 38. Rb3 Bf6 39. Bb1 Bh4 40. Nxh4 Rxh4 41. Ra3 Rhh8 42. Rha2 Qc8 43. Qb3 f5 44. axb6 Kxb6 45. Ra6+ Kb7 46. b6 1-0

[Event "NAYCC U12"]
[Site "Toronto CAN"]
[Date "2013.08.15"]
[Round "3"]
[White "Zotkin, Daniel"]
[Black "Fan, Run Kun"]
[Result "1-0"]
[WhiteElo "1974"]
[BlackElo "1568"]
[PlyCount "63"]
[GameId "2160767909267314"]
[EventDate "2013.08.14"]
[EventType "swiss"]
[EventRounds "9"]
[EventCountry "CAN"]
[SourceTitle "EXT 2022"]
[Source "ChessBase"]
[SourceDate "2021.10.06"]
[SourceVersion "1"]
[SourceVersionDate "2021.10.06"]
[SourceQuality "1"]

1. e4 Nf6 2. e5 Nd5 3. c4 Nb6 4. d4 d6 5. exd6 exd6 6. Nf3 Be7 7. Bd3 O-O 8. O-O Nc6 9. a3 Bg4 10. Be3 Bf6 11. Kh1 h6 12. Be2 Re8 13. Nc3 Bxf3 14. gxf3 a5 15. Rg1 Kh7 16. Qd2 d5 17. cxd5 Nxd5 18. Bxh6 Rxe2 19. Qxe2 Nxc3 20. bxc3 gxh6 21. Qe4+ Kh8 22. Qf4 Bg5 23. Qxf7 Qe7 24. Qh5 Rg8 25. Rae1 Qf6 26. Rg2 Nd8 27. Reg1 Ne6 28. h4 Nf4 29. hxg5 Rxg5 30. Qe8+ Kg7 31. Rxg5+ hxg5 32. Qe5 1-0

[Event "NAYCC U12"]
[Site "Toronto CAN"]
[Date "2013.08.16"]
[Round "3"]
[White "Zhou, Yuetong (Davy)"]
[Black "Doknjas, Joshua"]
[Result "0-1"]
[WhiteElo "2008"]
[BlackElo "1856"]
[PlyCount "180"]
[GameId "2160767909267315"]
[EventDate "2013.08.14"]
[EventType "swiss"]
[EventRounds "9"]
[EventCountry "CAN"]

1. e4 c5 2. Nc3 a6 3. g3 b5 4. Bg2 Bb7 5. d3 Nf6 6. f4 e6 7. Nf3 d5 8. e5 Nfd7 9. d4 Nc6 10. Be3 cxd4 11. Bxd4 Nxd4 12. Nxd4 Bb4 13. Nde2 Qb6 14. a3 d4 15. Bxb7 Qxb7 16. O-O dxc3 17. axb4 cxb2 18. Rb1 Nb6 19. Rxb2 Nc4 20. Rb3 O-O 21. Nd4 Rfd8 22. Qd3 Qb6 23. c3 Rd5 24. Rd1 g6 25. g4 Qd8 26. Qh3 a5 27. Qf3 a4 28. Rbb1 Rb8 29. Kh1 Qc7 30. g5 Qb7 31. Rd3 Rd7 32. Kg2 Qxf3+ 33. Kxf3 Rd5 34. Ke4 Kf8 35. Nc6 Rxd3 36. Kxd3 Rc8 37. Nd4 Rd8 38. h4 Rd5 39. Ra1 Kg7 40. Ra2 h5 41. Ke2 Kf8 42. Kd3 Ke8 43. Ke2 Kd7 44. Kd3 Kc7 45. Ke2 Kb6 46. Kd3 Rd8 47. Ke2 Ka6 48. Kd3 Nb6 49. Ke4 Nd5 50. Ra3 Rc8 51. Ne2 Ne7 52. Nd4 Rc4 53. Kd3 Kb6 54. Ne2 Rc8 55. Ra1 Nf5 56. Rh1 Ne7 57. Rh3 Nd5 58. Rf3 Ka6 59. Kd2 Rd8 60. Kc2 Ne7 61. Nd4 Rc8 62. Kb2 Nd5 63. Ne2 Rc4 64. Ka3 Re4 65. Rf2 Re3 66. Kb2 Rh3 67. Nd4 Rxh4 68. Ne2 Rh3 69. Kc2 Ne3+ 70. Kc1 a3 71. Kb1 Nd1 72. Rf1 Nxc3+ 73. Nxc3 Rxc3 74. Rd1 Kb7 75. Ka2 Rc4 76. Rd7+ Rc7 77. Rd4 Kc8 78. Kxa3 Rc4 79. Rd3 Rxf4 80. Re3 h4 81. Kb3 Rg4 82. Kc3 Rg3 83. Kd3 Rxe3+ 84. Kxe3 Kc7 85. Kf4 Kc6 86. Kg4 Kd5 87. Kxh4 Kc4 88. Kg4 Kxb4 89. Kf4 Kc3 90. Ke4 b4 0-1

[Event "NAYCC U12"]
[Site "Toronto CAN"]
[Date "2013.08.16"]
[Round "4"]
[White "Balendra, Harigaran"]
[Black "Zhang, Zhehai"]
[Result "0-1"]
[WhiteElo "1377"]
[BlackElo "1526"]
[PlyCount "176"]
[GameId "2160767909267316"]
[EventDate "2013.08.14"]
[EventType "swiss"]
[EventRounds "9"]
[EventCountry "CAN"]
[SourceTitle "hb 2013"]

1. e4 c5 2. Nf3 e6 3. d4 cxd4 4. Nxd4 Nc6 5. Nc3 Qc7 6. Be3 a6 7. Bd3 Nf6 8. f3 Bb4 9. a3 Bxc3+ 10. bxc3 Ne5 11. Qd2 h6 12. O-O Nc4 13. Bxc4 Qxc4 14. Qd3 Qc7 15. f4 O-O 16. h3 d5 17. e5 Ne4 18. Bd2 Bd7 19. Rab1 Rac8 20. f5 exf5 21. Rb3 Nc5 22. Qg3 Ne4 23. Qe1 b5 24. Nxf5 Qxe5 25. Nd4 Qd6 26. Ne2 Be6 27. Nd4 Rc4 28. Bf4 Qc5 29. Be3 Qc8 30. Nxe6 Qxe6 31. Bd4 Rfc8 32. Rf3 Qg6 33. Qe3 Re8 34. Qf4 Ng5 35. Rg3 Qxc2 36. Rb4 Qe4 37. Qd6 Qe6 38. Qf4 Rxb4 39. axb4 Qe1+ 40. Kh2 Qe4 41. Qd6 Re6 42. Qb8+ Kh7 43. Qf8 Rg6 44. Qb8 Qe2 45. Qf4 Qe4 46. Qd2 Ne6 47. Bf2 Rxg3 48. Bxg3 d4 49. cxd4 Nxd4 50. Bd6 Ne2 51. Qa2 Nf4 52. Qf2 g5 53. Qb2 Nd5 54. Bf8 f6 55. Bd6 Kg6 56. Qb3 Kg7 57. Qb2 Nb6 58. Qa2 Nc4 59. Qxa6 Nxd6 60. Qxd6 Qe5+ 61. Qxe5 fxe5 62. Kg3 Kf6 63. Kf3 h5 64. g3 Kf5 65. g4+ hxg4+ 66. hxg4+ Kf6 67. Ke3 Ke7 68. Kd3 Kd6 69. Ke4 Ke6 70. Ke3 Kd5 71. Kd3 e4+ 72. Ke3 Ke5 73. Kd2 Kf4 74. Kc3 e3 75. Kd4 e2 76. Kc5 e1=Q 77. Kxb5 Kxg4 78. Kc5 Kf4 79. b5 Qe8 80. b6 g4 81. Kd6 Qc8 82. b7 Qxb7 83. Kc5 g3 84. Kd4 g2 85. Kd3 g1=Q 86. Ke2 Qb5+ 87. Kd2 Qe3+ 88. Kc2 Qbb3# 0-1

[Event "NAYCC U12"]
[Site "Toronto CAN"]
[Date "2013.08.16"]
[Round "4"]
[White "Cai, Jason"]
[Black "Kobla, Vishal"]
[Result "1-0"]
[WhiteElo "1778"]
[BlackElo "1752"]
[PlyCount "67"]
[GameId "2160767909267317"]
[EventDate "2013.08.14"]
[EventType "swiss"]
[EventRounds "9"]
[EventCountry "CAN"]
[SourceTitle "hb 2013"]

1. e4 c5 2. Nc3 Nc6 3. f4 g6 4. Nf3 Bg7 5. Bb5 Nd4 6. O-O Nxb5 7. Nxb5 d6 8. d3 a6 9. Nc3 e6 10. Qe1 Ne7 11. Ng5 O-O 12. Qh4 h6 13. Nf3 f5 14. e5 d5 15. g4 Bd7 16. Qg3 Kh7 17. Kh1 Bc6 18. d4 cxd4 19. Nxd4 Qd7 20. Rg1 Rg8 21. Bd2 Raf8 22. Nce2 b5 23. Bb4 Rf7 24. gxf5 gxf5 25. Qh4 Bb7 26. Qh5 Nc6 27. Bd6 Nxd4 28. Nxd4 Ba8 29. Rg6 Re8 30. Rag1 Bb7 31. R1g3 Bc8 32. Rh3 Kg8 33. Qxh6 Qxd6 34. Qh8# 1-0

[Event "NAYCC U12"]
[Site "Toronto CAN"]
[Date "2013.08.16"]
[Round "4"]
[White "Chertkow, Matthew"]
[Black "Valkov, Andrey"]
[Result "1-0"]
[WhiteElo "1046"]
[BlackElo "511"]
[PlyCount "53"]
[GameId "2160767909267318"]
[EventDate "2013.08.14"]
[EventType "swiss"]
[EventRounds "9"]
[EventCountry "CAN"]
[SourceTitle "hb 2013"]

1. e4 e5 2. Nf3 Nc6 3. Nc3 Bc5 4. Nxe5 Nxe5 5. d4 Bd6 6. dxe5 Bxe5 7. Nd5 Nf6 8. Bg5 d6 9. h3 h6 10. Bxf6 Bxf6 11. Nxf6+ Qxf6 12. c3 O-O 13. Be2 Qe5 14. Qd3 Be6 15. Qc2 Qf4 16. g3 Qf6 17. f4 Qd8 18. O-O-O c5 19. c4 Bc8 20. h4 a5 21. g4 g5 22. hxg5 hxg5 23. e5 Re8 24. Rxd6 Qc7 25. Rdh6 Bd7 26. Rh8+ Kg7 27. R1h7# 1-0

[Event "NAYCC U12"]
[Site "Toronto CAN"]
[Date "2013.08.16"]
[Round "4"]
[White "Corvera Choi, Malik"]
[Black "Hou, Frank Gui"]
[Result "1-0"]
[WhiteElo "1539"]
[BlackElo "987"]
[PlyCount "65"]
[GameId "2160767909267319"]
[EventDate "2013.08.14"]
[EventType "swiss"]
[EventRounds "9"]
[EventCountry "CAN"]
[SourceTitle "EXT 2022"]
[Source "ChessBase"]
[SourceDate "2021.10.06"]
[SourceVersion "1"]
[SourceVersionDate "2021.10.06"]
[SourceQuality "1"]

1. c4 e6 2. Nc3 d5 3. cxd5 exd5 4. d4 Be6 5. Nf3 Nc6 6. g3 Bd6 7. Bg2 Nf6 8. a3 a6 9. O-O h6 10. Re1 O-O 11. e4 dxe4 12. Nxe4 Nxe4 13. Rxe4 Bd5 14. Re1 Qf6 15. Be3 Rfe8 16. Rc1 Na5 17. Ne5 Bxg2 18. Kxg2 Bxe5 19. dxe5 Rxe5 20. Bf4 Rxe1 21. Qxe1 c6 22. Qxa5 Qxb2 23. Qb4 Qxb4 24. axb4 a5 25. bxa5 Rxa5 26. Rb1 b5 27. Bd6 g6 28. Rc1 Ra6 29. Bb4 Kg7 30. Rd1 Ra4 31. Bc3+ Kg8 32. Bf6 Ra6 33. Rd8+ 1-0

[Event "NAYCC U12"]
[Site "Toronto CAN"]
[Date "2013.08.16"]
[Round "4"]
[White "D'Alonzo, Jonathan"]
[Black "Solano, Carlos"]
[Result "0-1"]
[WhiteElo "1431"]
[BlackElo "1771"]
[PlyCount "150"]
[GameId "2160767909267320"]
[EventDate "2013.08.14"]
[EventType "swiss"]
[EventRounds "9"]
[EventCountry "CAN"]
[SourceTitle "hb 2013"]

1. e4 e6 2. d4 d5 3. exd5 exd5 4. Bd3 Nc6 5. c3 Nf6 6. Ne2 Be7 7. Be3 O-O 8. Nd2 b6 9. Qc2 h6 10. h3 Bb7 11. Ng3 Re8 12. O-O Bd6 13. Nf5 Ne7 14. Nxd6 Qxd6 15. Nf3 Rac8 16. Qd2 Ng6 17. Bxg6 fxg6 18. Bf4 Qd8 19. Qc2 g5 20. Be5 Nd7 21. Qg6 Nxe5 22. Nxe5 Qf6 23. Qd3 c5 24. Rfe1 Rcd8 25. Re3 Qd6 26. Rae1 Re6 27. Qf5 Rf6 28. Qg4 Bc8 29. Qe2 Bf5 30. Ng4 Bxg4 31. Qxg4 Rdf8 32. f3 Rf4 33. Qg3 cxd4 34. cxd4 Qb4 35. Rb3 Qxd4+ 36. Kh2 R4f7 37. Re5 Rd7 38. Ree3 Rc8 39. Red3 Qf4 40. Rb5 Qxg3+ 41. Kxg3 Rc5 42. Rbb3 Rc4 43. Rbc3 b5 44. b3 Rxc3 45. Rxc3 d4 46. Rd3 Kf7 47. f4 Ke6 48. fxg5 Kd5 49. gxh6 gxh6 50. Kf3 Rf7+ 51. Ke2 Rc7 52. Rd2 Ke4 53. g4 Rf7 54. h4 Rg7 55. g5 hxg5 56. hxg5 Rxg5 57. Kd1 Rg1+ 58. Kc2 d3+ 59. Rxd3 Rg2+ 60. Rd2 Rxd2+ 61. Kxd2 b4 62. Kc2 Ke3 63. a3 a5 64. a4 Ke2 65. Kb1 Kd1 66. Kb2 Kd2 67. Ka2 Kc2 68. Ka1 Kxb3 69. Kb1 Ka3 70. Ka1 b3 71. Kb1 b2 72. Kc2 Ka2 73. Kc3 b1=Q 74. Kc4 Qb4+ 75. Kd3 Qxa4 0-1

[Event "NAYCC U12"]
[Site "Toronto CAN"]
[Date "2013.08.16"]
[Round "4"]
[White "Deng, Yi"]
[Black "Yang, Michael"]
[Result "1-0"]
[WhiteElo "1244"]
[BlackElo "387"]
[PlyCount "72"]
[GameId "2160767909267321"]
[EventDate "2013.08.14"]
[EventType "swiss"]
[EventRounds "9"]
[EventCountry "CAN"]
[SourceTitle "hb 2013"]

1. c4 g6 2. Nc3 Nf6 3. Nf3 Bg7 4. d4 d6 5. Bf4 Nc6 6. e3 O-O 7. Bd3 e6 8. Bg5 e5 9. d5 Ne7 10. e4 Bg4 11. h3 Bxf3 12. Qxf3 Qe8 13. Bxf6 c5 14. Nb5 Rc8 15. Nxa7 Ra8 16. Nb5 Rc8 17. Nxd6 Qd7 18. Nxc8 Qxc8 19. Bxe7 h6 20. Bxf8 Qxf8 21. O-O h5 22. Qg3 Bf6 23. Rfe1 h4 24. Qf3 Bd8 25. Be2 b6 26. Qc3 Bg5 27. Qxe5 f6 28. Qe6+ Qf7 29. Qxf7+ Kxf7 30. Rad1 Bf4 31. d6 Bxd6 32. Rxd6 Kg7 33. Rxb6 Kh6 34. a4 f5 35. exf5 Kg5 36. Rxg6+ Kf4 1-0